000 01166cam a2200385 a 4500
001 4175
003 FISKH
005 20240625140446.0
008 080930s2009 maua b 000 1 eng
010 _a 2008040465
020 _a9780547152226
020 _a9780547519777
040 _aDLC
_cDLC
_dDLC
_beng
042 _alcac
050 0 0 _aPZ7.Y3655
082 _a517
100 1 _aYee, Wong Herbert.
245 1 0 _aMouse and Mole, fine feathered friends /
_cWong Herbert Yee.
250 _aFirst Green Light Readers edition 2013
260 _aBoston :
_bHoughton Mifflin Books for Children,
_c2009.
300 _a48 pages :
_bcolor illustrations ;
_c23 cm
490 _aGreen Light Readers
_vLevel 3
505 _aJ
520 _aWhen spring arrives, Mole and Mouse find a unique way to bird watch.
521 8 _a490
_bLexile AD
521 8 _aJ
_bRaz-Plus
650 1 _aBird watching
_vFiction.
650 1 _aBirds
_vFiction.
650 1 _aMice
_vFiction.
650 1 _aMoles (Animals)
_vFiction.
650 1 _aSpring
_vFiction.
906 _a7
_bcbc
_corignew
_d1
_eecip
_f20
_gy-gencatlg
942 _2ddc
_cBK
_n0
999 _c4175
_d4175